<?xml version="1.0" encoding="UTF-8"?>
<record
    xmlns:xsi="http://www.w3.org/2001/XMLSchema-instance"
    xsi:schemaLocation="http://www.loc.gov/MARC21/slim http://www.loc.gov/standards/marcxml/schema/MARC21slim.xsd"
    xmlns="http://www.loc.gov/MARC21/slim">

  <leader>01287cam a22002897a 4500</leader>
  <controlfield tag="003">OSt</controlfield>
  <controlfield tag="005">20170530131919.0</controlfield>
  <controlfield tag="008">170530s2016    spc           000 0 cat|d</controlfield>
  <datafield tag="017" ind1=" " ind2=" ">
    <subfield code="a">DL L. 490-2016</subfield>
    <subfield code="b">Biblioteca de Catalunya</subfield>
  </datafield>
  <datafield tag="020" ind1=" " ind2=" ">
    <subfield code="a">9788499757575</subfield>
  </datafield>
  <datafield tag="040" ind1=" " ind2=" ">
    <subfield code="a">ES-BaCBU</subfield>
    <subfield code="b">cat</subfield>
    <subfield code="c">CDMR</subfield>
  </datafield>
  <datafield tag="100" ind1="1" ind2=" ">
    <subfield code="a">Sunyol i Garriga, Josep,</subfield>
    <subfield code="d">1898-1936</subfield>
  </datafield>
  <datafield tag="245" ind1="1" ind2="0">
    <subfield code="a">Amb afany de just&#xED;cia i llibertat </subfield>
    <subfield code="b">: Josep Su&#xF1;ol i Garriga a trav&#xE9;s dels seus articles i entrevistes /</subfield>
    <subfield code="c">edici&#xF3; a cura de Jordi Badia ; pr&#xF2;leg de Carles Santacana i Torres ; [ep&#xED;leg de Josep I. Su&#xF1;ol i Soler</subfield>
  </datafield>
  <datafield tag="260" ind1=" " ind2=" ">
    <subfield code="a">Barcelona :</subfield>
    <subfield code="b">Fundaci&#xF3; Su&#xF1;ol ;</subfield>
    <subfield code="b">Pag&#xE8;s editors,</subfield>
    <subfield code="c">2016</subfield>
  </datafield>
  <datafield tag="300" ind1=" " ind2=" ">
    <subfield code="a">333 p. :</subfield>
    <subfield code="b">il., facs&#xED;m. ;</subfield>
    <subfield code="c">25 cm</subfield>
  </datafield>
  <datafield tag="500" ind1=" " ind2=" ">
    <subfield code="a">Recull d'articles de J. Sunyol i Garriga apareguts a diaris i revistes com La Nau i La Rambla</subfield>
  </datafield>
  <datafield tag="600" ind1="1" ind2="4">
    <subfield code="a">Sunyol i Garriga, Josep,</subfield>
    <subfield code="d">1898-1936</subfield>
    <subfield code="x">Articles period&#xED;stics</subfield>
  </datafield>
  <datafield tag="610" ind1="2" ind2="7">
    <subfield code="a">Futbol Club Barcelona</subfield>
    <subfield code="x">Hist&#xF2;ria</subfield>
    <subfield code="2">lemac</subfield>
  </datafield>
  <datafield tag="650" ind1=" " ind2="4">
    <subfield code="a">Pol&#xED;tica i esport</subfield>
    <subfield code="2">thub</subfield>
  </datafield>
  <datafield tag="650" ind1="0" ind2="7">
    <subfield code="a">Republicanisme</subfield>
    <subfield code="z">Catalunya</subfield>
    <subfield code="x">Cobertura period&#xED;stica</subfield>
    <subfield code="2">lemac</subfield>
    <subfield code="9">3305</subfield>
  </datafield>
  <datafield tag="650" ind1="0" ind2="7">
    <subfield code="a">Premsa esportiva</subfield>
    <subfield code="z">Catalunya</subfield>
    <subfield code="2">lemac</subfield>
    <subfield code="9">1696</subfield>
  </datafield>
  <datafield tag="700" ind1="1" ind2=" ">
    <subfield code="a">Badia, Jordi,</subfield>
    <subfield code="d">1963-,</subfield>
    <subfield code="e">ed.</subfield>
  </datafield>
  <datafield tag="700" ind1="1" ind2=" ">
    <subfield code="a">Santacana i Torres, Carles,</subfield>
    <subfield code="d">1961-,</subfield>
    <subfield code="e">pr.</subfield>
  </datafield>
  <datafield tag="700" ind1="1" ind2=" ">
    <subfield code="a">Su&#xF1;ol, Josep,</subfield>
    <subfield code="d">1927-</subfield>
  </datafield>
  <datafield tag="710" ind1="2" ind2=" ">
    <subfield code="a">Fundaci&#xF3; Su&#xF1;ol</subfield>
  </datafield>
  <datafield tag="942" ind1=" " ind2=" ">
    <subfield code="c">MON</subfield>
  </datafield>
  <datafield tag="999" ind1=" " ind2=" ">
    <subfield code="c">7040</subfield>
    <subfield code="d">7040</subfield>
  </datafield>
  <datafield tag="952" ind1=" " ind2=" ">
    <subfield code="0">0</subfield>
    <subfield code="1">0</subfield>
    <subfield code="4">0</subfield>
    <subfield code="7">0</subfield>
    <subfield code="a">CDMR</subfield>
    <subfield code="b">CDMR</subfield>
    <subfield code="d">2017-05-30</subfield>
    <subfield code="e">Donaci&#xF3;</subfield>
    <subfield code="g">24.00</subfield>
    <subfield code="l">3</subfield>
    <subfield code="m">1</subfield>
    <subfield code="o">Du 5/44</subfield>
    <subfield code="p">CDMR17050014</subfield>
    <subfield code="r">2017-09-05</subfield>
    <subfield code="s">2017-07-21</subfield>
    <subfield code="v">24.00</subfield>
    <subfield code="w">2017-05-30</subfield>
    <subfield code="y">MON</subfield>
  </datafield>
</record>
